Pokémon - Alle Attacken von Omot - Statistiken

Allgemein
  • Dieses Quiz wurde 2 mal gespielt
  • Das Durchschnittsergebnis liegt bei 12 aus 101
Antwortstatistiken
Typ Kategorie Attacke % Korrekt
Käfer Status Fadenschuss
100%
Psycho Spezial Psychokinese
100%
Psycho Spezial Psystrahl
100%
Normal Physisch Tackle
100%
Flug Spezial Windstoß
100%
Normal Status Anziehung
50%
Käfer Physisch Blutsauger
50%
Normal Physisch Bodycheck
50%
Normal Physisch Frustration
50%
Gift Status Giftpuder
50%
Gift Spezial Giftschock
50%
Normal Spezial Hyperstrahl
50%
Käfer Physisch Käferbiss
50%
Käfer Spezial Käfergebrumm
50%
Normal Physisch Rückkehr
50%
Pflanze Status Schlafpuder
50%
Pflanze Status Stachelspore
50%
Normal Spezial Sternschauer
50%
Flug Physisch Aero-Ass
0%
Psycho Status Agilität
0%
Flug Physisch Akrobatik
0%
Käfer Spezial Ampelleuchte
0%
Käfer Physisch Anfallen
0%
Normal Status Angeberei
0%
Käfer Physisch Anspringen
0%
Flug Status Auflockern
0%
Normal Status Ausdauer
0%
Normal Status Aussetzer
0%
Normal Physisch Beerenkräfte
0%
Normal Status Blitz
0%
Pflanze Z Brillante Blütenpracht
0%
Normal Status Delegator
0%
Normal Status Doppelteam
0%
Pflanze Spezial Energieball
0%
Psycho Status Erholung
0%
Psycho Status Fähigkeitstausch
0%
Käfer Status Falterreigen
0%
Normal Physisch Fassade
0%
Flug Z Finaler Steilflug
0%
Geist Status Fluch
0%
Normal Physisch Geduld
0%
Normal Physisch Geheimpower
0%
Gift Status Giftspitzen
0%
Gift Physisch Giftzahn
0%
Pflanze Spezial Gigasauger
0%
Normal Physisch Gigastoß
0%
Normal Z Hyper-Sprintangriff
0%
Käfer Spezial Käfertrutz
0%
Normal Spezial Kanon
0%
Käfer Physisch Kehrtwende
0%
Normal Spezial Klingensturm
0%
Psycho Spezial Konfusion
0%
Geist Status Konfusstrahl
0%
Normal Physisch Kopfnuss
0%
Käfer Physisch Krabbelkracher
0%
Normal Spezial Kraftreserve
0%
Normal Status Kreideschrei
0%
Normal Status Liebreiz
0%
Normal Status Lockduft
0%
Flug Spezial Luftschnitt
0%
Gift Spezial Matschbombe
0%
Pflanze Spezial Megasauger
0%
Normal Status Mimikry
0%
Normal Status Morgengrauen
0%
Geist Spezial Nachtnebel
0%
Normal Physisch Notsituation
0%
Käfer Spezial Plage
0%
Psycho Spezial Psycholärm
0%
Psycho Z Psycho-Schmetterschlag
0%
Psycho Spezial Psywelle
0%
Normal Physisch Raserei
0%
Unlicht Physisch Raub
0%
Psycho Status Reflektor
0%
Normal Physisch Risikotackle
0%
Flug Status Rückenwind
0%
Flug Status Ruheort
0%
Gift Spezial Säurespeier
0%
Normal Status Scharfblick
0%
Normal Status Schlafrede
0%
Gift Spezial Schlammwoge
0%
Normal Spezial Schnarcher
0%
Normal Status Schutzschild
0%
Unlicht Z Schwarzes Loch des Grauens
0%
Käfer Spezial Silberhauch
0%
Pflanze Spezial Solarstrahl
0%
Feuer Status Sonnentag
0%
Normal Status Stafette
0%
Normal Status Superschall
0%
Psycho Status Teleport
0%
Normal Spezial Tera-Ausbruch
0%
Gift Status Toxin
0%
Psycho Spezial Traumfresser
0%
Geist Spezial Unheilböen
0%
Gift Z Vernichtender Säureregen
0%
Normal Status Vertrauenssache
0%
Drache Spezial Windhose
0%
Flug Spezial Windschnitt
0%
Käfer Z Wirbelnder Insektenhieb
0%
Normal Status Wirbelwind
0%
Käfer Status Wutpulver
0%
Psycho Physisch Zen-Kopfstoß
0%
Keine übereinstimmenden Quizze gefunden
Verteilung der Resultate
Anzahl Personen mit jedem Resultat
Perzentil nach korrekt beantworteten Fragen
Ihre Resultats-Entwicklung
Sie haben dieses Quiz noch nicht gespielt